La vie de ... Zinedine Zidane - Statistiques

Statistiques générales
  • Ce quiz a été pris 173 fois
  • Le résultat moyen est 8 sur 15
Statistiques - réponses
Hint Réponse % Correct
En quelle année Zidane est-il né ? 1972
89%
Quel est son premier club professionnel ? AS Cannes
89%
Quel numéro avait Zidane au Real ? 5
85%
En quelle année gagne-t-il sa dernière ligue des champions en tant qu'entraineur ? 2018
81%
Quel est l'italien à qui Zidane a porté un coup de tête en finale de la coupe du monde 2006 ? Marco Materazzi
79%
Qui tire le corner lors du premier but de Zidane en finale de la coupe du monde 1998 ? Emmanuel Petit
68%
Quel joueur de la juventus avec qui il a partagé l'affiche est celui qui a disputé le plus de matchs sous le maillot de la vieille dame ? Alessandro Del Piero
59%
Pour combien de millions d'euros le Real Madrid l'a-t-il acheté à la Juve ? 75
56%
Comment se prénomme son épouse ? Véronique
53%
En hommage à quel footballeur a-t-il appelé son fils aîné Enzo ? Enzo Francescoli
46%
Lors de sa première sélection en bleus, contre quelle nation inscrit-il un doublé ? République tchèque
46%
Quel joueur français déclare lors du retour de Zidane en équipe de France en 2005 : "Dieu est de retour" Thierry Henry
39%
Dans quel ville a eu lieu la finale de la ligue des champions 2001-2002 où Zidane marque une volée du gauche ? Glasgow
22%
Qui l'imite dans les guignols de l'info ? Yves Lecoq
18%
Quel comique est condamné à 5000 euros d'amende à cause d'injures à son encontre ? Christophe Alévêque
4%
Aucun quiz correspondant
Distribution des résultats
% des personnes avec chaque résultat
Percentile par nombre de réponses
Votre historique - résultats
Vous n’avez pas pris ce quiz